Statistics for Страны где есть памятник А.С. Пушкину

Click here to take the quiz!

General Stats

  • This quiz has been taken 608 times
  • The average score is 29 of 47

Answer Stats

Страна% Correct
Южная Осетия
96%
Россия
96%
Украина
94%
Казахстан
87%
США
86%
Беларусь
85%
Китай
83%
Германия
82%
Латвия
81%
Литва
81%
Эстония
79%
Франция
79%
Армения
78%
Узбекистан
76%
Канада
76%
Грузия
75%
Азербайджан
74%
Финляндия
72%
Испания
70%
Кыргызстан
70%
Сербия
68%
Италия
67%
Турция
64%
Австрия
64%
Молдова
63%
Румыния
63%
Туркменистан
62%
Норвегия
61%
Словакия
61%
Болгария
58%
Словения
57%
Греция
57%
Мексика
54%
Венгрия
54%
Индия
54%
Южная Корея
49%
Бельгия
49%
Египет
49%
Босния и Герцеговина
45%
Черногория
41%
Эфиопия
32%
Куба
31%
Кипр
24%
Абхазия
24%
Эритрея
21%
Филиппины
12%
Панама
9%

Score Distribution

Percentile by Number Answered

Percent of People with Each Score

Your Score History

You have not taken this quiz